| 000 | 00419nam a22001457a 4500 | ||
|---|---|---|---|
| 082 | _a340.1 MAH | ||
| 100 | _aMahmood, M. | ||
| 245 |
_aInterpretation of Statutes: _bwith General Clauses Acts / _cM. Mahmood |
||
| 250 | _a9th Edition. | ||
| 260 |
_aLahore : _bAl-Qanoon Publishers, _c2021. |
||
| 300 |
_a1004 p. ; _c24 cm. |
||
| 942 |
_2ddc _cBK |
||
| 999 |
_c586941 _d586941 |
||